000 00309nam a22001337a 4500
008 171226b xxu||||| |||| 00| 0 eng d
020 _a9780898157581
041 _aeng
080 _a331
100 _a52
101 _aPUN
245 _aThe 1996 What Color Is Your Parachute?
_cBolles, R.N
942 _2udc
_cBK
999 _c39376
_d39376